[Event "SRI-ch (Women)"]
[Site "Colombo"]
[Date "2017.08.15"]
[Round "10"]
[White "Kulatunga, Dinithi"]
[Black "Gunawardana, IMTM"]
[Result "0-1"]
[WhiteElo "1465"]
[BlackElo "1503"]
[PlyCount "78"]
[EventDate "2017.08.10"]
[EventType "tourn"]
[EventRounds "13"]
[EventCountry "SRI"]
[SourceTitle "CBM 180 Extra"]
[Source "ChessBase"]
[SourceDate "2017.10.06"]
[SourceVersion "1"]
[SourceVersionDate "2017.10.06"]
[SourceQuality "1"]

1. d4 Nf6 2. c4 c5 3. d5 b5 4. cxb5 a6 5. bxa6 Bxa6 6. Nc3 d6 7. e4 g6 8. Nf3 Bxf1 9. Kxf1 Bg7 10. g3 0-0 11. Kg2 Qb6 12. Re1 Nbd7 13. h3 Qb4 14. a3 Qb7 15. a4 Nb6 16. Nd2 Nfd7 17. f4 f5 18. Ra3 Bxc3 19. bxc3 fxe4 20. c4 e6 21. Rxe4 exd5 22. cxd5 Qxd5 23. Kh2 Rfe8 24. Qc2 Nf6 25. Ree3 Qh5 26. Kg2 Nbd5 27. Rxe8+ Rxe8 28. Nf3 Nb4 29. Qb3+ Kf8 30. Be3 Nfd5 31. Bf2 Qf5 32. Qb2 Kg8 33. a5 Nd3 34. Qb5 N3xf4+ 35. gxf4 Nxf4+ 36. Kg3 Qxh3+ 37. Kxf4 Rf8+ 38. Ke3 Qxf3+ 39. Kd2 Qxa3 0-1

[Event "SRI-chB (Women)"]
[Site "Narahenpita"]
[Date "2017.05.20"]
[Round "7"]
[White "Pasqual, Anuki"]
[Black "Kulatunga, Dinithi"]
[Result "0-1"]
[WhiteElo "1553"]
[BlackElo "1433"]
[PlyCount "86"]
[EventDate "2017.05.12"]
[EventType "swiss"]
[EventRounds "10"]
[EventCountry "SRI"]
[SourceTitle "CBM 178 Extra"]
[Source "ChessBase"]
[SourceDate "2017.06.22"]
[SourceVersion "1"]
[SourceVersionDate "2017.06.22"]
[SourceQuality "1"]

1. e4 c5 2. Nc3 Nc6 3. f4 g6 4. Nf3 Bg7 5. Bb5 Nd4 6. 0-0 Nxb5 7. Nxb5 a6 8. Nc3 e6 9. Qe1 Ne7 10. d3 0-0 11. Qh4 f5 12. Be3 b6 13. Bf2 Nc6 14. Qh3 d6 15. Bh4 Qd7 16. Bg5 Nd4 17. exf5 Nxf5 18. g4 Nd4 19. Nxd4 Bxd4+ 20. Kg2 Bb7+ 21. Kg3 Rae8 22. Ne4 b5 23. c3 Bg7 24. Qh4 Bxe4 25. dxe4 Rf7 26. Rad1 Qc6 27. Rfe1 Qc7 28. Re2 Qc6 29. a3 a5 30. Kf3 Rd7 31. Ke3 d5 32. e5 d4+ 33. cxd4 cxd4+ 34. Rxd4 Rxd4 35. Kxd4 Qb6+ 36. Kd3 Bf8 37. Bh6 Be7 38. Bg5 Rd8+ 39. Ke4 Rd4+ 40. Kf3 Rd3+ 41. Kg2 Qc6+ 42. Kf1 Qh1+ 43. Kf2 Rf3# 0-1

[Event "SRI-chB (Women)"]
[Site "Narahenpita"]
[Date "2017.05.13"]
[Round "2"]
[White "Kulatunga, Dinithi"]
[Black "Tharushi, THD Niklesha"]
[Result "1-0"]
[WhiteElo "1433"]
[BlackElo "1643"]
[PlyCount "75"]
[EventDate "2017.05.12"]
[EventType "swiss"]
[EventRounds "10"]
[EventCountry "SRI"]
[SourceTitle "CBM 178 Extra"]
[Source "ChessBase"]
[SourceDate "2017.06.22"]
[SourceVersion "1"]
[SourceVersionDate "2017.06.22"]
[SourceQuality "1"]

1. d4 Nf6 2. c4 e6 3. Nc3 Bb4 4. Qc2 c5 5. dxc5 0-0 6. a3 Bxc5 7. Nf3 b6 8. e3 Bb7 9. Be2 Be7 10. 0-0 d6 11. Rd1 Nbd7 12. b4 Rc8 13. Nb5 a6 14. Nxd6 Bxd6 15. Rxd6 Bd5 16. c5 Qc7 17. Qa4 bxc5 18. Rxa6 Bxf3 19. Bxf3 Qe5 20. Rb1 c4 21. Rc6 c3 22. Qc2 Rxc6 23. Bxc6 Rd8 24. a4 Qd6 25. Bf3 Ne5 26. Ba3 Qd3 27. Rc1 Nxf3+ 28. gxf3 Qxc2 29. Rxc2 Rd1+ 30. Kg2 Nd5 31. Bc1 Rd3 32. b5 Nb4 33. Re2 c2 34. b6 Rd8 35. a5 Nd3 36. Rd2 Kf8 37. Kf1 Ke7 38. Rxc2 1-0

[Event "Wch U18 Girls"]
[Site "Al Ain"]
[Date "2013.12.22"]
[Round "6"]
[White "Kulatunga, Dinithi"]
[Black "Bauer, Valentina"]
[Result "0-1"]
[WhiteElo "1503"]
[BlackElo "1787"]
[PlyCount "132"]
[EventDate "2013.12.18"]
[EventType "swiss"]
[EventRounds "11"]
[EventCountry "UAE"]
[SourceTitle "CBM 158 Extra"]
[Source "ChessBase"]
[SourceDate "2014.02.28"]
[SourceVersion "1"]
[SourceVersionDate "2014.02.28"]
[SourceQuality "1"]

1. d4 d5 2. c4 e6 3. Nc3 Nf6 4. e3 Be7 5. Nf3 0-0 6. Bd3 dxc4 7. Bxc4 a6 8. 0-0 b5 9. Bd3 Bb7 10. e4 c5 11. e5 Nd5 12. Nxd5 Bxd5 13. b3 Nc6 14. dxc5 Bxf3 15. Qxf3 Nxe5 16. Qb7 Nxd3 17. Rd1 Nxc5 18. Qf3 Qb6 19. Be3 Qb7 20. Qxb7 Nxb7 21. Rd7 Bf6 22. Rad1 Rfd8 23. g3 h6 24. Bb6 Rxd7 25. Rxd7 Nd8 26. Rc7 e5 27. Rc1 Ne6 28. Kg2 Bd8 29. Be3 Bg5 30. Bxg5 Nxg5 31. h4 Ne6 32. Re1 f6 33. f4 Re8 34. fxe5 fxe5 35. Rxe5 Kf7 36. Rf5+ Kg6 37. Rf2 Nd4 38. Kf1 Re6 39. Rb2 Kh5 40. Kf2 Re2+ 41. Rxe2 Nxe2 42. Kxe2 Kg4 43. Kf2 b4 44. Kg2 g5 45. hxg5 hxg5 46. Kf2 Kh3 47. Kf3 g4+ 48. Kf2 Kh2 49. Kf1 Kxg3 50. Kg1 Kh3 51. Kh1 g3 52. Kg1 g2 53. Kf2 Kh2 54. Ke3 g1Q+ 55. Kd3 Qc5 56. Ke4 Qd6 57. Ke3 Qd5 58. Ke2 Qg2+ 59. Kd3 Qxa2 60. Kc4 Qa3 61. Kc5 Qxb3 62. Kb6 a5 63. Kxa5 Qa3+ 64. Kb5 b3 65. Kc6 b2 66. Kb5 b1Q+ 0-1

[Event "Asia zt 3.2 (Women)"]
[Site "Colombo"]
[Date "2013.02.07"]
[Round "7"]
[White "Senarath, Kavindi Nipunka"]
[Black "Kulatunga, Dinithi"]
[Result "0-1"]
[WhiteElo "1605"]
[BlackElo "1528"]
[PlyCount "96"]
[EventDate "2013.02.03"]
[EventType "swiss"]
[EventRounds "9"]
[EventCountry "SRI"]
[SourceTitle "CBM 153 Extra"]
[Source "ChessBase"]
[SourceDate "2013.04.22"]
[SourceVersion "1"]
[SourceVersionDate "2013.04.22"]
[SourceQuality "1"]

1. e4 c5 2. Nc3 Nc6 3. f4 g6 4. Nf3 Bg7 5. Be2 d6 6. Bb5 Bd7 7. Bxc6 Bxc6 8. d3 e6 9. 0-0 Ne7 10. Qe1 0-0 11. Qh4 b5 12. Kh1 b4 13. Ne2 a5 14. Rb1 a4 15. a3 Rb8 16. axb4 Rxb4 17. c3 Rb7 18. Bd2 Bb5 19. c4 Bc6 20. Bc3 Qb8 21. Qe1 Rb3 22. Qd2 a3 23. Bxg7 Kxg7 24. Nc1 Rxb2 25. Rxb2 Qxb2 26. Qxb2+ axb2 27. Nb3 Ba4 28. Nbd2 Bc2 29. d4 Rb8 30. Nb1 cxd4 31. Nxd4 Bxe4 32. Nb5 Nf5 33. N5c3 Bd3 34. Re1 Bxc4 35. Na3 Bd3 36. Rd1 Ba6 37. g4 Ne3 38. Rxd6 Bb7+ 39. Kg1 Bd5 40. h3 Nc4 41. Nxc4 Bxc4 42. Rd1 Rb3 43. Nb1 Bd3 44. Kh2 Bxb1 45. Rxb1 Kf6 46. Kg2 e5 47. fxe5+ Kxe5 48. Kf2 Rxh3 0-1

[Event "Asia zt 3.2 (Women)"]
[Site "Colombo"]
[Date "2013.02.03"]
[Round "2"]
[White "Kulatunga, Dinithi"]
[Black "Methmani, Nelunika"]
[Result "0-1"]
[WhiteElo "1528"]
[BlackElo "1585"]
[PlyCount "70"]
[EventDate "2013.02.03"]
[EventType "swiss"]
[EventRounds "9"]
[EventCountry "SRI"]
[SourceTitle "CBM 153 Extra"]
[Source "ChessBase"]
[SourceDate "2013.04.22"]
[SourceVersion "1"]
[SourceVersionDate "2013.04.22"]
[SourceQuality "1"]

1. d4 Nf6 2. c4 g6 3. Nc3 Bg7 4. e4 d6 5. Nf3 0-0 6. Be2 e5 7. 0-0 Nc6 8. d5 Ne7 9. b4 Ne8 10. c5 f5 11. Nd2 Nf6 12. Bf3 f4 13. a4 g5 14. h3 Ng6 15. Ba3 Rf7 16. Rc1 Bf8 17. cxd6 cxd6 18. Nc4 a6 19. b5 Rg7 20. bxa6 bxa6 21. a5 Nh4 22. Be2 g4 23. hxg4 Bxg4 24. Bxg4 Rxg4 25. g3 fxg3 26. f3 Rg6 27. Bb4 Qd7 28. Rc2 Qh3 29. Bxd6 g2 30. Re1 Nxf3+ 31. Kf2 Ng4+ 32. Ke2 Nd4+ 33. Kd2 Bh6+ 34. Ne3 Bxe3+ 35. Rxe3 Qxe3# 0-1